Southville International School and Colleges
Your cart is empty.
  • Cart
  • Lists
    Public lists Eva Luna New books Lux_list list_1
    Your lists Log in to create your own lists
  • Log in to your account
  • Your cookies
  • Search history
Southville International School and Colleges
  • Advanced search
  • Recent comments
  • Most popular
  • Libraries

Log in to your account

Log in with GOOGLE


If you do not have an external account, but do have a local account, you can still log in:

  1. Home
  2. MARC view: Enterprise resource planning /
Normal view MARC view ISBD view

Enterprise resource planning / (Record no. 356820)

[ view plain ]
MARC details
000 -LEADER
fixed length control field 00558nam a2200217Ia 4500
008 - FIXED-LENGTH DATA ELEMENTS--GENERAL INFORMATION
fixed length control field 180523s9999 xx 000 0 und d
020 ## - INTERNATIONAL STANDARD BOOK NUMBER
International Standard Book Number 81-7648-663-9
050 ## - LIBRARY OF CONGRESS CALL NUMBER
Classification number MAIN HD 30.28
050 ## - LIBRARY OF CONGRESS CALL NUMBER
Item number .S53 2004 c.1
100 ## - MAIN ENTRY--PERSONAL NAME
Personal name Sharma, Pankaj.
245 #0 - TITLE STATEMENT
Title Enterprise resource planning /
245 #0 - TITLE STATEMENT
Statement of responsibility, etc Pankaj Sharma.
260 ## - PUBLICATION, DISTRIBUTION, ETC. (IMPRINT)
Place of publication, distribution, etc New Delhi :
260 ## - PUBLICATION, DISTRIBUTION, ETC. (IMPRINT)
Name of publisher, distributor, etc APH Publishing,
260 ## - PUBLICATION, DISTRIBUTION, ETC. (IMPRINT)
Date of publication, distribution, etc 2004
300 ## - PHYSICAL DESCRIPTION
Extent 358 pages :
300 ## - PHYSICAL DESCRIPTION
Dimensions 22 cm.
500 ## - GENERAL NOTE
General note Includes index.
650 ## - SUBJECT ADDED ENTRY--TOPICAL TERM
Topical term or geographic name as entry element Business planning.
650 ## - SUBJECT ADDED ENTRY--TOPICAL TERM
General subdivision Management information systems.
Holdings
Withdrawn status Lost status Damaged status Home library Current library Shelving location Date acquired Cost, normal purchase price Total Checkouts Full call number Barcode Date last seen Price effective from Koha item type
      South Mansfield College South Mansfield College   03/07/2005 674.00   MAIN HD 30.28 .S53 2004 c.1 SMC00592 05/23/2018 05/23/2018  

Enterprise resource planning /

APA

Sharma P., .Enterprise resource planning. New Delhi: .

Chicago

Sharma Pankaj, .Enterprise resource planning. New Delhi: .

Harvard

Sharma P., .Enterprise resource planning. New Delhi: .

MLA

Sharma Pankaj, .New Delhi: . .

  • Place hold
  • Print
  • Cite
  • Add to your cart (remove)
  • Save record
    BIBTEX Dublin Core MARCXML MARC (non-Unicode/MARC-8) MARC (Unicode/UTF-8) MARC (Unicode/UTF-8, Standard) MODS (XML) RIS
  • More searches
    Search for this title in:
    Other Libraries (WorldCat) Other Databases (Google Scholar) Online Stores (Bookfinder.com) Open Library (openlibrary.org)

Exporting to Dublin Core...

SOUTHVILLE LIBRARY

Southville International School and Colleges Library

1281 Tropical Ave. Cor. Luxembourg St., BF Homes International, Las Pinas City

Tel. No. 8256374 / 252358 Loc. 117/146

Powered by Koha